Medzinárodné organizácie a ich marketingové aktivity (na príklade Európskej únie)

Významná úloha medzinárodných organizácií v súčasných medzinárodných vzťahoch. Vykonávanie špecifických funkcií, ktoré pomáhajú pri dosahovaní ich cieľov a úloh. Marketingové aktivity ako sú public relations a vydávanie rôznych publikácií - podpora riešenia medzinárodných problémov. Marketingové akt...

Descrizione completa

Salvato in:
Dettagli Bibliografici
Autore principale: Grešš, Martin, 1978-
Natura: Capitolo di libro
Lingua:slovacco
Soggetti:
Tags: Aggiungi Tag
Nessun Tag, puoi essere il primo ad aggiungerne!!

MARC

LEADER 00000nla$a2200000$$$4500
001 0104156
005 20240502072135.1
041 0 |a slo 
044 |a SK 
245 1 0 |a Medzinárodné organizácie a ich marketingové aktivity  |b (na príklade Európskej únie)  |c Martin Grešš 
520 |a Významná úloha medzinárodných organizácií v súčasných medzinárodných vzťahoch. Vykonávanie špecifických funkcií, ktoré pomáhajú pri dosahovaní ich cieľov a úloh. Marketingové aktivity ako sú public relations a vydávanie rôznych publikácií - podpora riešenia medzinárodných problémov. Marketingové aktivity Európskej únie. 
610 2 0 |a marketing 
610 2 0 |a práca s verejnosťou 
610 2 0 |a reklama 
610 2 0 |a komunikácia 
610 2 0 |a organizácie medzinárodné 
610 2 0 |a Európska únia 
100 1 |a Grešš, Martin, 1978-